|
|
|
|
| LEADER |
01067nam a22003252a 4500 |
| 001 |
001115675 |
| 003 |
CZ BrMZK |
| 005 |
20100914162432.0 |
| 007 |
ta |
| 008 |
100914s1960 xr er|||||||||||cze d |
| 015 |
|
|
|a cnb000686575
|
| 035 |
|
|
|a (OCoLC)85463952
|
| 040 |
|
|
|a ABA001
|b cze
|c HKA001
|d ABA001
|
| 080 |
9 |
|
|a 665.45:625.85](075.8)
|
| 100 |
1 |
|
|a Brandstillerová, Marie
|7 xx0078826
|4 aut
|
| 245 |
1 |
0 |
|a Silniční živice :
|b určeno pro posluchače fak. inž. stavitelství /
|c Marie Brandstillerová
|
| 250 |
|
|
|a 1. vyd.
|
| 260 |
|
|
|a Praha :
|b SNTL,
|c 1960
|f (KNT 6)
|
| 300 |
|
|
|a 74 s. ;
|c 4°
|
| 490 |
1 |
|
|a Učební texty vys. škol
|
| 500 |
|
|
|a Vyd. Vys. učení techn. v Brně
|
| 500 |
|
|
|a Přehl. použité lit.
|
| 500 |
|
|
|a S il. v textu
|
| 500 |
|
|
|a 350 výt.
|
| 710 |
2 |
|
|a Vysoké učení technické v Brně
|7 kn20010709205
|
| 830 |
|
0 |
|a Učební texty vysokých škol
|
| 910 |
|
|
|a BOA001
|b TK-A-0089.660
|
| 990 |
|
|
|a BK
|
| 991 |
|
|
|b 201009
|
| 996 |
7 |
|
|b 2629951356
|c TK-A-0089.660
|l MZK
|r Sklad / do 24 hodin
|n 0
|w 001143275
|u 000010
|a 1
|e BOA001
|j MZK50
|s A
|